LEADER 01309nam 2200409 450 001 9910544790103321 010 $a1-78785-091-9 010 $a1-61705-276-0 035 $a(CKB)4340000000024050 035 $a(MiAaPQ)EBC4767625 035 $a(EXLCZ)994340000000024050 100 $a20161222h20172017 uy 0 101 0 $aeng 135 $aurcnu|||||||| 181 $2rdacontent 182 $2rdamedia 183 $2rdacarrier 200 00$aHandbook of breast cancer and related breast disease /$fKatherine H. R. Tkaczuk, Susan B. Kesmodel, Steven J. Feigenberg, editors 210 1$aNew York, [New York] :$cDemos Medical,$d2017. 210 4$d©2017 215 $a1 online resource (333 pages) $cillustrations (some color) 311 $a1-62070-099-9 320 $aIncludes bibliographical references and index. 606 $aBreast$xCancer$xSocial aspects 608 $aElectronic books. 615 0$aBreast$xCancer$xSocial aspects. 676 $a362.19699449 702 $aTkaczuk$b Katherine H. R. 702 $aKesmodel$b Susan B. 702 $aFeigenberg$b Steven J. 801 0$bMiAaPQ 801 1$bMiAaPQ 801 2$bMiAaPQ 906 $aBOOK 912 $a9910544790103321 996 $aHandbook of breast cancer and related breast disease$92756299 997 $aUNINA LEADER 01250nam a2200289 i 4500 001 991003307379707536 005 20241023121602.0 008 020314s1943 it f ||| | ita 035 $ab11787223-39ule_inst 035 $aPARLA224089$9ExL 040 $aDip.to Filosofia$bita$dSocioculturale Scs 041 0 $aita 082 04$a170$223 100 1 $aRosmini Serbati, Antonio$0303763 245 10$aPrincipi della scienza morale e storia comparativa e critica dei sistemi intorno al principio della morale /$cAntonio Rosmini ; con esposizione sommaria del sistema rosminiano e note a cura di Carlo Giacon 260 $aMilano :$bA. Mondadori,$c1943 300 $a166 p., 1 carta di tav. :$britratto ;$c20 cm 490 1 $aCollana di testi filosofici 650 4$aEtica$vSaggi 700 1 $aGiacon, Carlo 830 0$aCollana di testi filosofici 907 $a.b11787223$b27-04-17$c09-12-02 912 $a991003307379707536 945 $aLE005 FONDO MORO 70$g1$i2005000124457$lle005$o-$pE0.00$q-$rl$s-$t0$u1$v0$w1$x0$y.i12034502$z09-12-02 996 $aPrincěpi della scienza morale e storia comparativa e critica dei sistemi intorno al principio della morale$9236959 997 $aUNISALENTO 998 $ale005$b01-01-02$cm$da$e-$fita$git$h0$i1